000 00443cam a22001934a 4500
005 20250605164253.0
008 250528s ||||||||||||||||||||||||d
035 _a21835
020 _a9780205370719
040 _aGR-AtMCL
_bgre
_dGR-AtMCL
_eAACR2
245 1 _aEVOLUTIONARY PSYCHOLOGY
250 _a2
260 _bPearson,
_c2004
300 _a455
700 1 _aBuss David M
_97746
942 _cBK
999 _c6893
_d6893